[Event "1st Lost Boys op"]
[Site "Antwerp BEL"]
[Date "1993.08.??"]
[Round "1"]
[White "San Marco, Bruno"]
[Black "Rozentalis, Eduardas"]
[Result "0-1"]
[WhiteElo "2235"]
[BlackElo "2600"]
[EventDate "1993.08.05"]
[PlyCount "62"]

1.e4 e6 2.d4 d5 3.Nc3 Bb4 4.Qd3 dxe4 5.Qxe4 Nf6 6.Qh4 Bd7 7.Bd2 Bc6 8.Nf3 
Bxf3 9.gxf3 Nbd7 10.O-O-O c6 11.Ne4 Bxd2+ 12.Rxd2 Qe7 13.Qg3 O-O 14.Rg1 g6
15.Qg5 Rfe8 16.Bd3 Rad8 17.h4 Kh8 18.Qh6 Ng8 19.Qf4 Ndf6 20.Ng5 Kg7 21.c3 
Nh5 22.Qe5+ f6 23.Nxe6+ Kh8 24.Qc5 Qxe6 25.Bc4 Qd6 26.Qxa7 b5 27.Bb3 Nf4 
28.Rgd1 Nh6 29.Qc5 Nf5 30.Qxd6 Rxd6 31.d5 c5 0-1

[Event "1st Lost Boys op"]
[Site "Antwerp BEL"]
[Date "1993.08.??"]
[Round "4"]
[White "Flear, Glenn Curtis"]
[Black "Klein, Lawrence"]
[Result "1/2-1/2"]
[WhiteElo "2500"]
[BlackElo "2270"]
[EventDate "1993.08.05"]
[PlyCount "65"]

1.d4 f5 2.g3 Nf6 3.Bg2 g6 4.c3 Bg7 5.Qb3 c6 6.Nh3 Qb6 7.Nd2 Qxb3 8.axb3 
Na6 9.O-O O-O 10.Re1 d6 11.e4 fxe4 12.Nxe4 Nxe4 13.Rxe4 e5 14.dxe5 Nc5 15.
Rb4 a5 16.Rb6 Bxe5 17.Bf4 Nd7 18.Rb4 axb4 19.Rxa8 bxc3 20.bxc3 Nb6 21.Rb8 
Bxh3 22.Rxf8+ Kxf8 23.Bxe5 dxe5 24.Bxh3 Ke7 25.Bg2 Kd6 26.Kf1 Nd7 27.Ke2 
b6 28.h4 h6 29.Ke3 Nf6 30.f4 exf4+ 31.Kxf4 Nh5+ 32.Kf3 Nf6 33.Kf4 1/2-1/2